000 00232nam a2200097Ia 4500
001 722901
005 20250826163320.0
008 250824s9999 xx 000 0 und d
245 0 _aKUĞU
_cGUDBERGUR BERGSSON
260 _bMARTI YAYINLARI
999 _c722901
_d722901